Activos intangibles (Registro nro. 17838)

Detalles MARC
000 -LEADER
fixed length control field 00493 a2200157 4500
001 - CONTROL NUMBER
control field ART_46024
005 - DATE AND TIME OF LATEST TRANSACTION
control field 20260410161731.0
008 - FIXED-LENGTH DATA ELEMENTS--GENERAL INFORMATION
fixed length control field 260409a
100 1# - MAIN ENTRY--PERSONAL NAME
Personal name López, María de los Á.
245 10 - TITLE STATEMENT
Title Activos intangibles
700 1# - ADDED ENTRY--PERSONAL NAME
Personal name Santanatoglia, Juan Manuel
700 1# - ADDED ENTRY--PERSONAL NAME
Personal name Pedroni, Florencia Verónica
700 1# - ADDED ENTRY--PERSONAL NAME
Personal name Albanese, Diana
700 1# - ADDED ENTRY--PERSONAL NAME
Personal name Milanesi, Gastón S.
773 0# - HOST ITEM ENTRY
Title Escritos contables y de administración
Related parts - Vol. 4, Nº 2 (jul./dic. 2013)
Record control number REV2758

No hay ítems disponibles.